000 00765 a2200217 4500
999 _c8345
_d8345
003 GBCCL
005 20241126110648.0
008 200210b ||||| |||| 00| 0 eng d
020 _a9789351251408
020 _a9351251403
040 _cGBC
082 _a320.5309541
_bEXT
245 _aExtremism in North East India/
_cedited by Bimal J. Deb.
260 _aNew Delhi :
_bConcept Publishing Company Pvt. Ltd.,
_c2015.
300 _axiv, 298 pages ;
_b22 cm
505 _aProceedings of a national seminar.
650 _aRadicalism -- India, Northeastern -- Congresses.
_914550
650 _aInsurgency -- India, Northeastern -- Congresses.
_914551
650 _aTerrorism -- Social aspects -- India, Northeastern -- Congresses
_914552
942 _2ddc
_cBK
_08